000 00765nam a2200217 i 4500
001 bg
100 1 _aKENIG-WITKOWSKA, Maria Magdalena
245 1 0 _aPrawo środowiska Unii Europejskiej :
_bzagadnienia systemowe /
_cMaria Magdalena Kenig-Witkowska.
260 _aWarszawa :
_bWydaw. Prawnicze "LexisNexis",
_c2005.
300 _a250 s. ;
_c24 cm.
504 _aBibliogr.
650 9 _aPrawo ochrony środowiska
_xprawo wspólnotowe europejskie
_ystan na 2004 r.
020 _a8373344136
040 _cBPK
041 0 _apol
080 _a349.6(4-67)
920 _a83-7334-413-6
942 _cKS
008 s pl f |000 0 pol
999 _c45820
_d45820
856 _uhttp://koha.tu.koszalin.pl/cgi-bin/koha/opac-detail.pl?biblionumber=45820
_yKatalog online BPK